Statystyki dla Krótki quiz o drzewach

Kliknij tutaj aby rozwiązać quiz!

Ogólne statystyki

  • Ten quiz został rozwiązany 215 razy
  • Średni wynik to 6 z 8

Statystyki odpowiedzi

ZagadnienieOdpowiedź% Poprawnych
Białą korę ma...Brzoza
99%
Liść jakiego drzewa widnieje na fladze Kanady?Klonu
98%
Kasztany to owoce...Kasztanowca
94%
Którego z tych drzew NIE można wyciąć bez pozwolenia?Klon
87%
Drzewem iglastym, które zrzuca igły na zimę jest...Modrzew
74%
Na glebach piaszczystych najczęściej występują lasy...Iglaste
65%
Które z tych drzew NIE jest pod ochroną?Wieżba płacząca
43%
Najstarszym drzewem w Polsce jest...Cis pospolity z Henrykowa Lubańskiego
31%

Rozkład punktacji

Percentyl według liczby udzielonych odpowiedzi

Procent ludzi z każdym wynikiem

Twoja historia wyników

Nie rozwiązałeś tego quizu